Les portraits des maréchaux du 1er Empire - Statistiques

Statistiques générales
  • Ce quiz a été pris 108 fois
  • Le résultat moyen est 12 sur 26
Statistiques - réponses
Par images Réponse % Correct
Joachim Murat
91%
Michel Ney
89%
Jean Lannes
71%
Louis Nicolas Davout
71%
André Masséna
56%
Józef Antoni Poniatowski
55%
Charles-Jean-Baptiste Jules Bernadotte
49%
Jean-de-Dieu Soult
47%
Louis-Alexandre Berthier
47%
Étienne Jacques Joseph Macdonald
44%
Jean-Baptiste Bessières
42%
Jean-Baptiste Jourdan
42%
Emmanuel de Grouchy
40%
Pierre Augereau
40%
Auguste Frédéric Louis Viesse de Marmont
38%
Nicolas-Charles-Marie Oudinot
36%
Claude Victor-Perrin
35%
Louis Gabriel Suchet
35%
Bon Adrien Jeannot de Moncey
33%
François Joseph Lefebvre
33%
Guillaume Marie-Anne Brune
33%
Jean Mathieu Philibert Sérurier
33%
Laurent de Gouvion-Saint-Cyr
33%
François-Christophe Kellermann
31%
Adolphe Édouard Casimir Joseph Mortier
29%
Catherine-Dominique Perignon
29%
Aucun quiz correspondant
Distribution des résultats
% des personnes avec chaque résultat
Percentile par nombre de réponses
Votre historique - résultats
Vous n’avez pas pris ce quiz